| 000 | 00750nam a2200229Ia 4500 | ||
|---|---|---|---|
| 003 | IN-BaIIA | ||
| 008 | 211028s9999 xx s 000 0 eng d | ||
| 020 | _a978-2-7598-9006-4 (Online) | ||
| 022 | _a1633-4760 (Print) | ||
| 022 | _a1638-1963 (Online) | ||
| 040 | _cIIA Library | ||
| 100 |
_aMary, D., ed. _938272 |
||
| 245 | 0 |
_aMathematical Tools for Instrumentation & Signal Processing in Astronomy _h[eBook] |
|
| 260 |
_aFrance _bEDP Sciences _c2016 |
||
| 300 | _a305p. | ||
| 490 | _aEAS Publications Series | ||
| 700 |
_aAime, C. _938273 |
||
| 700 |
_aFlamary, R. _938274 |
||
| 700 |
_aTheys, C. _938275 |
||
| 856 |
_uhttps://www.eas-journal.org/articles/eas/abs/2016/02/contents/contents.html _yClick Here to Access eBook |
||
| 942 | _cEB | ||
| 999 |
_c20667 _d20667 |
||